00633nam a2200193 a 450000100060000000300090000600800410001501500210005602000180007704000280009510000240012324500750014724600810022225000120030326000400031530000240035565000360037970000240041526286CO-ViMGA141112s2004 ck r 000 u spa d ack - 2011 - xxxx a9789583037832 aCO-ViMGAbspacCO-ViMGA1 aBarrilá, Domenico10aEl valor de ser valientes / cDomenico Barrilláa, Emanuela Bussolati aSubtítulo de la cubierta : Volverse grande sin engañar ni sentirse tonto a1a. ed. aBogotá : bPanAméricana, c2011 a38 p. : il. ; 24 cm14aValentía - Literatura juvenil1 aBussolati, Emanuela